000
00335nam a22001577a 4500
003
SGT
020
_a
9788177394801
082
_a
616.12
_b
E18G
100
_a
GUPTA, VIPIN
245
_a
ESSENTIALS OF ECG
250
_a
1ST
260
_a
INDIA
_b
AVICHAL PUB
_c
2018
300
_a
116
650
_a
HUMAN PHYSIOLOGY
942
_2
ddc
_c
BK
_0
26
999
_c
20978
_d
20978